| 000 | 00839nam a2200241 i 4500 | ||
|---|---|---|---|
| 001 | 77745 | ||
| 003 | ES-MaACL | ||
| 005 | 20250823085846.0 | ||
| 007 | t| | ||
| 008 | 041105s1995 pr ||||1| spa d | ||
| 020 | _a0-8477-0210-3 | ||
| 080 | _a338.2(729.1) | ||
| 245 | 0 | 0 |
_aCuba en crisis : _bperspectivas económicas y políticas / _cJorge Rodríguez Beruff, compilador. |
| 250 | _a1ª ed. | ||
| 260 |
_aSan Juan de Puerto Rico : _bUniversidad de Puerto Rico, _c1995. |
||
| 300 |
_aXXVI, 218 p. ; _c20 cm. |
||
| 651 | 4 |
_aCuba- _xSituación económica- _y1959- _98119 |
|
| 651 | 4 |
_aCuba- _xPolítica y gobierno- _y1959- _9165118 |
|
| 700 | 1 |
_aRodríguez Beruff, Jorge. _9172972 |
|
| 710 | 2 |
_aUniversidad de Puerto Rico _97273 |
|
| 852 |
_aES-MaACL _jE-10268 _z- Donativo Ateneo Puertorriqueño |
||
| 999 |
_c77745 _d77745 |
||